000 00311nam a2200121Ia 4500
008 220204s9999 xx 000 0 und d
082 _a621.3
_bNAT
100 _aNath, K
245 0 _aElectrical appliances repair and maintenance
260 _aDelhi
_bHind
_c1979
650 _aElectrical appliances
942 _cBK
999 _c38431
_d38431